• 首页
  • 本馆介绍
  • 公告通知
  • 最新文献
  • 馆藏检索
  • 电子资源
  • 读者导购
  • 参考咨询
  • 我的图书馆
  • 登录
  • 详细信息显示
  • 放入我的书架
  • 预约/预借图书
  • 作者相关作品
  • 分类相关作品
  • 丛书相关作品
  • 出版社相关作品

书目信息

  • 表格格式
  • 工作单格式
  • 卡片格式
书名: Inward bound
作者: Abraham Pais.
分册号:
分册名:
出版地: Oxford [Oxfordshire] :
 
出版社: Clarendon Press
出版时间: 1986.
页数: xiv, 666 p. ;
开本: 25 cm.
丛书名:
中图分类号:
科图分类号:
其他分类号: O4-091
主题词:
电子资源:
000 00676cam 22000229i 45096
001 0296000708
005 20070201142424.70
008 850905m1986 u y b 001 0
020    @a0198519710 (alk. paper).
040    @aDLC@eDLC
041    @aeng
050    @aQC7@b.P27 1986
082 04 @a530@219
090    @aO4-1
090    @aO4-091
099    @dO4-091@ex13
100 1  @aPais@cAbraham,@d1918-
245 10 @aInward bound / @cAbraham Pais.
260 1  @aOxford [Oxfordshire] :@bClarendon Press ;@aNew York :@bOxford University Press,@c1986.
300    @axiv, 666 p. ;@c25 cm.
504    @aIncludes bibliographies and indexes.
650  4 @aPhysics@xHistory@y20th century.
    
    Inward bound / / Abraham Pais.-Oxford [Oxfordshire] : : Clarendon Press ; ; New York : : Oxford University Press, , 1986.
    xiv, 666 p. ; ; 25 cm.
    Includes bibliographies and indexes.
    
    ISBN 0198519710 (alk. paper).
    
●
相关链接 在E读中查询图书 在五车中查询图书 在当当中查询图书 在豆瓣中查询图书


正题名:Inward bound     索取号:O4-091/x13         预约/预借

序号 登录号 条形码 馆藏地/架位号 状态 备注
1 182755   000450737   第二样本阅览室/ [索取号:O4-091/x13] 在馆    
2 182756   000450899   第四借阅区/ [索取号:O4-091/x13] 在馆    
唐山师范学院图书馆 欢迎您!
大连网信软件有限公司© 版权所有